000
00339nam a2200145Ia 4500
008
230718s9999 xx 000 0 und d
041
_a
Eng.
082
_a
34202
_b
KEE-T
100
_a
Keefe, weilliam
245
4
_a
The American legistative
260
_a
Pakistan
_b
Sweet and Mawell
_c
1996
300
_a
521
650
_a
Law
999
_c
28610
_d
28610